[Event "Bangkok Cha Am op 18th"]
[Site "Bangkog"]
[Date "2018.04.15"]
[Round "3"]
[White "Rodriguez, Juan Talavera"]
[Black "Hiebert, Kenji"]
[Result "1/2-1/2"]
[WhiteElo "1967"]
[BlackElo "2179"]
[PlyCount "74"]
[EventDate "2018.04.13"]
[EventType "swiss"]
[EventRounds "9"]
[EventCountry "THA"]
[SourceTitle "CBM 184 Extra"]
[Source "ChessBase"]
[SourceDate "2018.06.28"]
[SourceVersion "1"]
[SourceVersionDate "2018.06.28"]
[SourceQuality "1"]

1. e4 c6 2. d4 d5 3. e5 Bf5 4. Nf3 e6 5. Be2 c5 6. 0-0 Nc6 7. Be3 cxd4 8. Nxd4 Nxd4 9. Qxd4 Ne7 10. Qa4+ Nc6 11. Nd2 Be7 12. c3 0-0 13. f4 Bg6 14. Rae1 a6 15. Qd1 d4 16. Bf2 dxc3 17. bxc3 b5 18. Nb3 Rc8 19. Qxd8 Rfxd8 20. Bb6 Rd7 21. Rd1 Nb8 22. Ba5 Be4 23. Rxd7 Nxd7 24. Rd1 Nb8 25. Kf2 Bd5 26. Bf3 Bxf3 27. Kxf3 Rc4 28. Rd4 Nc6 29. Rd3 Nxa5 30. Nxa5 Ra4 31. Nc6 Bf8 32. Rd8 g6 33. Nb8 Kg7 34. Nd7 Be7 35. Re8 Ba3 36. Nf6 Bf8 37. Nd7 Ba3 1/2-1/2

[Event "Bangkok Cha Am op 18th"]
[Site "Bangkog"]
[Date "2018.04.13"]
[Round "1"]
[White "Rodriguez, Juan Talavera"]
[Black "Krysa, Leandro Sergio"]
[Result "0-1"]
[WhiteElo "1967"]
[BlackElo "2543"]
[PlyCount "68"]
[EventDate "2018.04.13"]
[EventType "swiss"]
[EventRounds "9"]
[EventCountry "THA"]
[SourceTitle "CBM 184 Extra"]
[Source "ChessBase"]
[SourceDate "2018.06.28"]
[SourceVersion "1"]
[SourceVersionDate "2018.06.28"]
[SourceQuality "1"]

1. Nf3 d5 2. c4 d4 3. e3 Nc6 4. b4 dxe3 5. fxe3 Nxb4 6. Qa4+ Nc6 7. Ba3 g6 8. Bb2 Nf6 9. Ne5 Bd7 10. Nxd7 Qxd7 11. Be2 Bg7 12. 0-0 0-0 13. d4 Nxd4 14. Qxd7 Nxe2+ 15. Kf2 Nxd7 16. Bxg7 Kxg7 17. Kxe2 Rfd8 18. Nd2 Nc5 19. Rab1 b6 20. Rfd1 e5 21. Nb3 Ne4 22. Rd3 Rxd3 23. Kxd3 f5 24. c5 Rd8+ 25. Kc2 bxc5 26. Rb2 c4 27. Na5 c3 28. Rb7 Rd2+ 29. Kc1 Rxa2 30. Rxc7+ Kh6 31. Nc4 Nd2 32. Nxd2 Rxd2 33. Rxa7 Rxg2 34. h4 Re2 0-1

[Event "WLS-ch 63rd"]
[Site "Cardiff"]
[Date "2017.04.15"]
[Round "3"]
[White "Kett, Timothy"]
[Black "Rodriguez, Juan Talavera"]
[Result "1-0"]
[WhiteElo "2220"]
[BlackElo "1988"]
[PlyCount "91"]
[EventDate "2017.04.14"]
[EventType "swiss"]
[EventRounds "7"]
[EventCountry "WLS"]
[SourceTitle "CBM 177 Extra"]
[Source "ChessBase"]
[SourceDate "2017.04.27"]
[SourceVersion "1"]
[SourceVersionDate "2017.04.27"]
[SourceQuality "1"]

1. e4 e5 2. Nf3 Nc6 3. Bb5 Nf6 4. 0-0 Nxe4 5. d4 Nd6 6. Bxc6 dxc6 7. dxe5 Nf5 8. Qxd8+ Kxd8 9. Nc3 Ke8 10. Ne4 b6 11. Re1 Bb4 12. Bd2 Bxd2 13. Nexd2 h5 14. Nf1 Rh6 15. Ne3 Ne7 16. Rad1 c5 17. c4 Bg4 18. Nxg4 hxg4 19. Ng5 Rg6 20. h4 gxh3 21. Nxh3 Rd8 22. Rxd8+ Kxd8 23. f3 Rh6 24. Kf2 Nf5 25. Nf4 Nd4 26. Rd1 Kc8 27. b3 g5 28. Nh3 Rg6 29. g4 Nc6 30. Rd5 Nd4 31. Ke3 c6 32. Rd6 Rxd6 33. exd6 f6 34. Nf2 Kd7 35. Ne4 f5 36. Nxg5 Kxd6 37. Kf4 fxg4 38. fxg4 Ne2+ 39. Kf5 Nc3 40. Ne4+ Nxe4 41. Kxe4 Ke6 42. g5 Kf7 43. Ke5 Kg6 44. Kd6 Kxg5 45. Kxc6 Kf6 46. Kb7 1-0

[Event "WLS-ch 63rd"]
[Site "Cardiff"]
[Date "2017.04.15"]
[Round "4"]
[White "Rodriguez, Juan Talavera"]
[Black "Turner, Joseph David"]
[Result "0-1"]
[WhiteElo "1988"]
[BlackElo "1933"]
[PlyCount "88"]
[EventDate "2017.04.14"]
[EventType "swiss"]
[EventRounds "7"]
[EventCountry "WLS"]
[SourceTitle "CBM 177 Extra"]
[Source "ChessBase"]
[SourceDate "2017.04.27"]
[SourceVersion "1"]
[SourceVersionDate "2017.04.27"]
[SourceQuality "1"]

1. e4 Nc6 2. d4 e5 3. Nf3 exd4 4. Nxd4 Qf6 5. Be3 Bc5 6. c3 Nge7 7. Bc4 Ne5 8. Be2 c6 9. 0-0 d5 10. Nb5 Bd6 11. Nxd6+ Qxd6 12. Nd2 0-0 13. Nb3 Rd8 14. f4 Nd7 15. e5 Qc7 16. Bd3 c5 17. Bc2 b6 18. Qh5 g6 19. Qh4 Nf8 20. Rac1 Bf5 21. g4 Bxc2 22. Rxc2 a5 23. Re2 a4 24. Nd2 d4 25. cxd4 cxd4 26. Bf2 d3 27. Re4 a3 28. Rc4 Qb7 29. b3 b5 30. Rcc1 Nd5 31. Qg3 Ne6 32. Be3 Nb4 33. f5 Nd4 34. Bxd4 Rxd4 35. e6 fxe6 36. Rc7 Qb6 37. Kh1 Nd5 38. Rxh7 Kxh7 39. Qh4+ Kg8 40. fxg6 Ra7 41. Rc1 Rc7 42. Qd8+ Kg7 43. Re1 Nf4 44. Qe8 Qb7+ 0-1

[Event "Lisbon Portugal rapid op"]
[Site "Lisbon"]
[Date "2017.02.11"]
[Round "8"]
[White "Leao, Tiago Miguel da S"]
[Black "Rodriguez, Juan Talavera"]
[Result "1-0"]
[WhiteElo "2044"]
[BlackElo "2007"]
[PlyCount "91"]
[EventDate "2017.02.11"]
[EventType "swiss (rapid)"]
[EventRounds "8"]
[EventCountry "POR"]
[SourceTitle "CBM 176 Extra"]
[Source "ChessBase"]
[SourceDate "2017.03.02"]
[SourceVersion "1"]
[SourceVersionDate "2017.03.02"]
[SourceQuality "1"]

1. e4 e5 2. Nf3 Nc6 3. d4 exd4 4. Bc4 Bc5 5. c3 Nf6 6. cxd4 Bb4+ 7. Bd2 Bxd2+ 8. Nbxd2 d5 9. exd5 Nxd5 10. 0-0 0-0 11. Ne4 Bg4 12. h3 Bxf3 13. Qxf3 Nb6 14. Bd3 Nxd4 15. Qg3 Nf5 16. Qf3 Nh4 17. Qg3 Ng6 18. Rfd1 f5 19. Bc4+ Nxc4 20. Rxd8 Raxd8 21. Ng5 Rd6 22. Qb3 Nge5 23. f4 Rb6 24. Qd1 Nf7 25. Nxf7 Rxf7 26. Qd8+ Rf8 27. Qd5+ Kh8 28. Qxc4 Rxb2 29. Qxc7 h6 30. Rd1 Rf6 31. Rd6 Rb6 32. Rxf6 Rxf6 33. Qxb7 a6 34. Kf2 Kh7 35. Qd7 h5 36. Ke3 Kh6 37. Kd4 Kg6 38. Qe8+ Kh6 39. Ke5 a5 40. Qb5 h4 41. Qxa5 Kh5 42. Qc7 Kg6 43. Qd7 Kh5 44. Qxf5+ Rxf5+ 45. Kxf5 g5 46. a4 1-0

[Event "Lisbon Portugal op"]
[Site "Lisbon"]
[Date "2017.02.07"]
[Round "6"]
[White "Reis, Luis Sousa"]
[Black "Rodriguez, Juan Talavera"]
[Result "1-0"]
[WhiteElo "2149"]
[BlackElo "2007"]
[PlyCount "157"]
[EventDate "2017.02.04"]
[EventType "swiss"]
[EventRounds "9"]
[EventCountry "POR"]
[SourceTitle "CBM 176 Extra"]
[Source "ChessBase"]
[SourceDate "2017.03.02"]
[SourceVersion "1"]
[SourceVersionDate "2017.03.02"]
[SourceQuality "1"]

1. Nf3 d5 2. c4 c6 3. e3 e6 4. Nc3 Nf6 5. d4 Nbd7 6. Qc2 Bb4 7. Bd2 0-0 8. 0-0-0 a5 9. Bd3 dxc4 10. Bxc4 b5 11. Bd3 Bb7 12. e4 h6 13. Be3 Ng4 14. Qe2 Nxe3 15. fxe3 e5 16. g4 Qe7 17. h4 g6 18. Nh2 Nb6 19. Nb1 c5 20. d5 c4 21. Bc2 c3 22. bxc3 Ba3+ 23. Kd2 Nc4+ 24. Ke1 Bc5 25. Nf1 Ba6 26. Bd3 Nd6 27. Nbd2 a4 28. Ng3 Qa7 29. Kf2 Rab8 30. Rb1 Qd7 31. h5 Kg7 32. Rbg1 Qe7 33. Nf3 Qf6 34. Ke1 Nc4 35. Nf1 g5 36. N3d2 Nb2 37. Ng3 Nxd3+ 38. Qxd3 b4 39. c4 Qb6 40. Nf5+ Kh7 41. Kf2 Bc8 42. Rb1 Bd7 43. Rhe1 Qa5 44. Re2 Rb7 45. Nf3 f6 46. Reb2 Rfb8 47. Nd2 Qa7 48. Kf3 a3 49. Rc2 Ba4 50. Nb3 Rd7 51. Rd2 Rbd8 52. Rbd1 Rc8 53. d6 Bc6 54. Ne7 Rxd6 55. Nxc8 Rxd3 56. Nxa7 Rxe3+ 57. Kg2 Bxe4+ 58. Kh2 Bd4 59. Nxd4 exd4 60. Rxd4 Re2+ 61. Kg3 f5 62. Rd7+ Kg8 63. gxf5 Rg2+ 64. Kh3 g4+ 65. Kh4 Bxf5 66. Rb7 Rh2+ 67. Kg3 Rh3+ 68. Kf4 Rf3+ 69. Ke5 Bd3 70. Kd4 g3 71. Nc6 Bf1 72. Ne7+ Kf7 73. Nf5+ Ke6 74. Nxg3 Bg2 75. Ne4 Rf4 76. Re1 Kf5 77. Rf7+ Kg4 78. Rxf4+ Kxf4 79. c5 1-0

[Event "South Wales op 13th"]
[Site "Cardiff"]
[Date "2016.07.12"]
[Round "9"]
[White "Byron, Alan M"]
[Black "Rodriguez, Juan Talavera"]
[Result "1-0"]
[WhiteElo "2136"]
[BlackElo "2020"]
[PlyCount "95"]
[EventDate "2016.07.07"]
[EventType "swiss"]
[EventRounds "10"]
[EventCountry "WLS"]
[SourceTitle "EXT 2017"]
[Source "ChessBase"]
[SourceDate "2016.10.25"]
[SourceVersion "1"]
[SourceVersionDate "2016.10.25"]
[SourceQuality "1"]

1. e4 e5 2. Nf3 Nc6 3. Bb5 a6 4. Ba4 Nf6 5. d4 Nxe4 6. Qe2 d5 7. dxe5 Be7 8. Nbd2 Nc5 9. Bxc6+ bxc6 10. 0-0 0-0 11. Nd4 Qe8 12. Re1 Ne6 13. Nf5 Bc5 14. Nb3 Bb6 15. Be3 Bxe3 16. Qxe3 f6 17. Qg3 Kh8 18. exf6 g6 19. Nh6 Rxf6 20. Qe5 Qf8 21. Ng4 Kg7 22. Re3 h5 23. Nxf6 Qxf6 24. Qxf6+ Kxf6 25. Rc3 Bd7 26. Nc5 Nxc5 27. Rxc5 Rb8 28. b3 Ke5 29. Rd1 Kd6 30. Ra5 Rb6 31. c4 Ke7 32. cxd5 cxd5 33. Raxd5 Rd6 34. Rxd6 cxd6 35. f3 Be6 36. Kf2 d5 37. Ke3 Kd6 38. Kd4 Bf5 39. Rc1 Bd7 40. Rc5 Bc6 41. Ra5 Bb7 42. h4 Ke6 43. g3 Kd6 44. a4 Ke6 45. b4 Kd6 46. Rc5 Bc6 47. Rxc6+ Kxc6 48. b5+ 1-0

[Event "South Wales op 13th"]
[Site "Cardiff"]
[Date "2016.07.11"]
[Round "7"]
[White "Rodriguez, Juan Talavera"]
[Black "Wilson, Matthew R"]
[Result "1-0"]
[WhiteElo "2020"]
[BlackElo "1772"]
[PlyCount "109"]
[EventDate "2016.07.07"]
[EventType "swiss"]
[EventRounds "10"]
[EventCountry "WLS"]
[SourceTitle "EXT 2017"]
[Source "ChessBase"]
[SourceDate "2016.10.25"]
[SourceVersion "1"]
[SourceVersionDate "2016.10.25"]
[SourceQuality "1"]

1. e4 c5 2. Nf3 e6 3. d3 Nc6 4. Nbd2 d6 5. g3 Nf6 6. Bg2 Be7 7. 0-0 0-0 8. a4 Bd7 9. Nc4 Qc7 10. Qe2 Rfe8 11. e5 dxe5 12. Ncxe5 Nd4 13. Nxd4 cxd4 14. Bf4 Bd6 15. Nxd7 Qxd7 16. Bxd6 Qxd6 17. a5 Rab8 18. Ra4 b5 19. axb6 axb6 20. c4 b5 21. cxb5 Rxb5 22. Rc1 Reb8 23. Rc6 Qd7 24. Rc2 Rb4 25. Ra5 h6 26. h3 Qd8 27. Ra7 Qb6 28. Rcc7 Rxb2 29. Qf3 Rf8 30. Qf4 Qb4 31. Bf1 Rb1 32. Rc1 Rxc1 33. Qxc1 Qc3 34. Qb1 Nd5 35. Ra4 Rc8 36. Qb7 Rc7 37. Qb8+ Rc8 38. Qb7 Qc7 39. Qxc7 Rxc7 40. Rxd4 Rc1 41. Rc4 Rd1 42. Kg2 Re1 43. d4 g5 44. Bd3 h5 45. Kf3 Kg7 46. Rc5 Rh1 47. Bc4 g4+ 48. Kg2 Rd1 49. Bxd5 exd5 50. Rxd5 Kg6 51. h4 f6 52. Rd7 Kf5 53. d5 Ke5 54. Rh7 Kxd5 55. Rd7+ 1-0

[Event "South Wales op 13th"]
[Site "Cardiff"]
[Date "2016.07.07"]
[Round "2"]
[White "Lutchman Singh, Aishwarya"]
[Black "Rodriguez, Juan Talavera"]
[Result "0-1"]
[WhiteElo "1443"]
[BlackElo "2020"]
[PlyCount "46"]
[EventDate "2016.07.07"]
[EventType "swiss"]
[EventRounds "10"]
[EventCountry "WLS"]
[SourceTitle "EXT 2017"]
[Source "ChessBase"]
[SourceDate "2016.10.25"]
[SourceVersion "1"]
[SourceVersionDate "2016.10.25"]
[SourceQuality "1"]

1. d4 Nf6 2. Nf3 d5 3. Bf4 c5 4. c3 Qb6 5. Qc2 Nc6 6. e3 Bf5 7. Qxf5 Qxb2 8. dxc5 Qc1+ 9. Ke2 Qb2+ 10. Ke1 Qxa1 11. Qc2 Ne4 12. Bb5 f6 13. Ke2 e5 14. Rc1 exf4 15. Qb3 Nxc5 16. Qc2 Ne4 17. Nd4 Kf7 18. Nb3 Nb4 19. cxb4 Qe5 20. f3 Nd6 21. Qc7+ Be7 22. Qd7 Rad8 23. Qc7 Nxb5 0-1

[Event "WLS-ch 62nd"]
[Site "Cardiff"]
[Date "2016.03.28"]
[Round "7"]
[White "Kett, Timothy"]
[Black "Rodriguez, Juan Talavera"]
[Result "1-0"]
[WhiteElo "2180"]
[BlackElo "1983"]
[PlyCount "119"]
[EventDate "2016.03.25"]
[EventType "swiss"]
[EventRounds "7"]
[EventCountry "WLS"]
[SourceTitle "CBM 171 Extra"]
[Source "ChessBase"]
[SourceDate "2016.04.26"]
[SourceVersion "1"]
[SourceVersionDate "2016.04.26"]
[SourceQuality "1"]

1. e4 e5 2. Nf3 Nc6 3. Bc4 Bc5 4. b4 Bxb4 5. c3 Ba5 6. d4 exd4 7. 0-0 Nf6 8. e5 d5 9. exf6 dxc4 10. cxd4 gxf6 11. d5 Ne5 12. Nxe5 fxe5 13. Bb2 Bd7 14. f4 Rg8 15. Nc3 Qh4 16. Qe1 Qh3 17. Qxe5+ Kd8 18. Qe2 Bg4 19. Qd2 Bf3 20. Rxf3 Qxf3 21. Re1 Qd3 22. Qxd3 cxd3 23. Rd1 Bb6+ 24. Kf1 d2 25. Ne4 Re8 26. Bf6+ Kd7 27. Be5 Rxe5 28. fxe5 Bd4 29. Rxd2 Bxe5 30. Nc5+ Ke7 31. Nxb7 Bxh2 32. Re2+ Kf8 33. Kf2 Bd6 34. Nxd6 cxd6 35. Rc2 Rb8 36. Rc6 Rb2+ 37. Kf3 Rxa2 38. Rxd6 Ke7 39. Rh6 a5 40. Rxh7 Rd2 41. Ke4 Rxg2 42. Rh8 Rg4+ 43. Kf5 Rb4 44. Ra8 Rb5 45. Ke5 f6+ 46. Kd4 f5 47. Ke5 f4 48. Ra7+ Kd8 49. Ke6 Rb2 50. Ra8+ Kc7 51. d6+ Kc6 52. Rc8+ Kb7 53. d7 Re2+ 54. Kf5 Rd2 55. d8Q Rxd8 56. Rxd8 Kb6 57. Kxf4 Kc5 58. Ke3 Kc4 59. Kd2 Kb3 60. Kc1 1-0

[Event "WLS-ch 62nd"]
[Site "Cardiff"]
[Date "2016.03.25"]
[Round "1"]
[White "Rodriguez, Juan Talavera"]
[Black "Van Kemenade, Julie"]
[Result "1-0"]
[WhiteElo "1983"]
[BlackElo "1728"]
[PlyCount "56"]
[EventDate "2016.03.25"]
[EventType "swiss"]
[EventRounds "7"]
[EventCountry "WLS"]
[SourceTitle "CBM 171 Extra"]
[Source "ChessBase"]
[SourceDate "2016.04.26"]
[SourceVersion "1"]
[SourceVersionDate "2016.04.26"]
[SourceQuality "1"]

1. e4 d6 2. d4 Nf6 3. Nc3 e5 4. Nf3 Nbd7 5. Bc4 h6 6. a4 Be7 7. Bb3 c6 8. h3 Qc7 9. Be3 Nf8 10. Qd2 Bd7 11. a5 Rg8 12. dxe5 dxe5 13. Bc4 Be6 14. Bd3 g5 15. g3 Ng6 16. Qe2 Bb4 17. a6 b5 18. Kf1 Bxc3 19. bxc3 Qd7 20. Ng1 Kf8 21. h4 Kg7 22. hxg5 hxg5 23. Bxg5 Bg4 24. f3 Be6 25. f4 Bg4 26. Bh6+ Kh7 27. Bf8+ Nh4 28. Rxh4+ Nh5 1-0

[Event "South Wales New Year op"]
[Site "Penarth"]
[Date "2016.01.10"]
[Round "5"]
[White "Brown, Thomas"]
[Black "Rodriguez, Juan Talavera"]
[Result "1/2-1/2"]
[WhiteElo "2072"]
[BlackElo "1948"]
[PlyCount "168"]
[EventDate "2016.01.08"]
[EventType "swiss"]
[EventRounds "5"]
[EventCountry "WLS"]
[SourceTitle "EXT 2024"]
[Source "ChessBase"]
[SourceDate "2023.10.10"]
[SourceVersion "1"]
[SourceVersionDate "2023.10.10"]
[SourceQuality "1"]

1. d4 Nf6 2. c4 e6 3. Nc3 Bb4 4. f3 d5 5. a3 Bxc3+ 6. bxc3 c5 7. cxd5 Nxd5 8. dxc5 0-0 9. e4 Ne7 10. Qxd8 Rxd8 11. Be3 e5 12. Rb1 Nd7 13. Bb5 Nf8 14. Bc4 h6 15. Ne2 Rb8 16. Kf2 Be6 17. Bxe6 Nxe6 18. Rb2 Rd7 19. Rhb1 Nd8 20. Nc1 Rc8 21. Ke2 Ng6 22. Nb3 Rcc7 23. g3 Ne6 24. Rd1 Rxd1 25. Kxd1 Kf8 26. Kc2 Ne7 27. Na5 Nd8 28. Nc4 f6 29. Nd6 a6 30. f4 Nc8 31. fxe5 fxe5 32. Nc4 Nc6 33. Kb3 N8a7 34. Rd2 Nc8 35. g4 N8e7 36. Nb6 Ng8 37. Rf2+ Rf7 38. Rxf7+ Kxf7 39. Nc8 Nf6 40. Nd6+ Ke6 41. h3 b5 42. Nf5 Kf7 43. Nd6+ Ke6 44. Kc2 Na5 45. Kd3 Nc4 46. Nf5 Ne8 47. Bc1 Na5 48. Kc2 Nb7 49. c6 Na5 50. c7 Kd7 51. Be3 Nc4 52. Bc5 Kxc7 53. Bf8 g6 54. Nxh6 Ned6 55. Bxd6+ Kxd6 56. h4 Ke6 57. h5 Nxa3+ 58. Kd3 Nc4 59. Kc2 Kf6 60. Ng8+ Kg7 61. Ne7 gxh5 62. gxh5 Kh6 63. Nd5 Kxh5 64. Nc7 Nd6 65. Nxa6 Nxe4 66. Nb4 Kg4 67. Nd3 Kf5 68. Kb3 Nd6 69. Kb4 e4 70. Nc1 e3 71. Kc5 Ne4+ 72. Kxb5 Nxc3+ 73. Kc4 Nd1 74. Kd3 Kf4 75. Ke2 Nc3+ 76. Ke1 Kf3 77. Nd3 Ke4 78. Nc1 Kd4 79. Ne2+ Kd3 80. Nxc3 Kxc3 81. Ke2 Kd4 82. Ke1 Kd3 83. Kd1 e2+ 84. Ke1 Ke3 1/2-1/2

[Event "South Wales New Year op"]
[Site "Penarth"]
[Date "2016.01.08"]
[Round "1"]
[White "Hurn, Robert AJ"]
[Black "Rodriguez, Juan Talavera"]
[Result "0-1"]
[WhiteElo "1655"]
[BlackElo "1948"]
[PlyCount "54"]
[EventDate "2016.01.08"]
[EventType "swiss"]
[EventRounds "5"]
[EventCountry "WLS"]
[SourceTitle "EXT 2024"]
[Source "ChessBase"]
[SourceDate "2023.10.10"]
[SourceVersion "1"]
[SourceVersionDate "2023.10.10"]
[SourceQuality "1"]

1. d4 Nf6 2. c4 e6 3. Nc3 Bb4 4. e3 d5 5. a3 Bxc3+ 6. bxc3 0-0 7. cxd5 exd5 8. c4 Re8 9. cxd5 Qxd5 10. Ne2 Nc6 11. Bb2 Bf5 12. Nf4 Qe4 13. Be2 g5 14. d5 Ne5 15. Bxe5 Rxe5 16. Nh5 Nxh5 17. Bxh5 Qxg2 18. Bf3 Qh3 19. Kd2 Rd8 20. Kc3 Bg6 21. Qd4 Qf5 22. Rac1 c6 23. Qd1 g4 24. Bxg4 Qxf2 25. d6 Rxe3+ 26. Kb4 Qb2+ 27. Ka4 Rxa3# 0-1

[Event "South Wales op 11th"]
[Site "Cardiff"]
[Date "2014.08.28"]
[Round "7"]
[White "Strugnell, Carl"]
[Black "Rodriguez, Juan Talavera"]
[Result "0-1"]
[WhiteElo "2308"]
[BlackElo "1946"]
[PlyCount "92"]
[EventDate "2014.08.25"]
[EventType "swiss"]
[EventRounds "9"]
[EventCountry "WLS"]
[SourceTitle "CBM 162 Extra"]
[Source "ChessBase"]
[SourceDate "2014.10.17"]
[SourceVersion "1"]
[SourceVersionDate "2014.10.17"]
[SourceQuality "1"]

1. c4 e5 2. Nc3 Nf6 3. d3 d6 4. g3 g6 5. Bg2 Bg7 6. Nf3 0-0 7. 0-0 Nc6 8. Rb1 a5 9. a3 Nd4 10. Nd2 c6 11. e3 Bg4 12. f3 Bf5 13. exd4 Bxd3 14. d5 cxd5 15. cxd5 b5 16. Nde4 Qb6+ 17. Kh1 Bxb1 18. Nxf6+ Bxf6 19. Nxb1 b4 20. axb4 axb4 21. Nd2 Rfc8 22. b3 Ra1 23. Nc4 Qc5 24. Qd3 Rca8 25. Bb2 Rxf1+ 26. Qxf1 Bg7 27. Qg1 Qc7 28. g4 Bh6 29. Bf1 Bf4 30. Qb6 Qe7 31. Kg1 Qh4 32. Qf2 Qf6 33. Qe1 Ra2 34. Bg2 Qe7 35. h3 Qb7 36. Bf1 Qxd5 37. Qxb4 Qxf3 38. Qc3 Qe4 39. Qd3 Qe1 40. Qc3 Qb1 41. g5 d5 42. Nd6 h6 43. Ne8 hxg5 44. Nf6+ Kg7 45. Ne8+ Kh8 46. Qb4 Be3+ 0-1

[Event "South Wales op 10th"]
[Site "Penarth"]
[Date "2013.07.16"]
[Round "6"]
[White "Robinson, David"]
[Black "Rodriguez, Juan Talavera"]
[Result "1-0"]
[WhiteElo "1926"]
[BlackElo "1967"]
[PlyCount "73"]
[EventDate "2013.07.14"]
[EventType "swiss"]
[EventRounds "9"]
[EventCountry "WLS"]
[SourceTitle "CBM 155 Extra"]
[Source "ChessBase"]
[SourceDate "2013.08.26"]
[SourceVersion "1"]
[SourceVersionDate "2013.08.26"]
[SourceQuality "1"]

1. d4 d5 2. Nf3 Nf6 3. Bf4 c5 4. e3 Qb6 5. Nc3 e6 6. Nb5 Na6 7. h3 Bd7 8. a4 c4 9. Be2 Bxb5 10. axb5 Qxb5 11. 0-0 Qb6 12. b3 c3 13. Bxa6 bxa6 14. Qd3 Bb4 15. Rxa6 Qb7 16. Rfa1 0-0 17. Ne5 Rfc8 18. R1a4 Ne8 19. Nf3 Nc7 20. Bxc7 Rxc7 21. Qf1 Kf8 22. Ne5 Ke7 23. Qa1 Ke8 24. Nd3 Be7 25. R4a5 Kf8 26. Qa4 Kg8 27. Ne5 Qb8 28. Nc6 Qe8 29. Nxa7 Qf8 30. Nc6 Rac8 31. Nxe7+ Qxe7 32. Ra8 g6 33. Rxc8+ Rxc8 34. Ra7 Qf6 35. Qd7 Rd8 36. Qc7 e5 37. dxe5 1-0

[Event "South Wales op 10th"]
[Site "Penarth"]
[Date "2013.07.14"]
[Round "2"]
[White "Wilson, Matthew R"]
[Black "Rodriguez, Juan Talavera"]
[Result "0-1"]
[WhiteElo "1729"]
[BlackElo "1967"]
[PlyCount "52"]
[EventDate "2013.07.14"]
[EventType "swiss"]
[EventRounds "9"]
[EventCountry "WLS"]
[SourceTitle "CBM 155 Extra"]
[Source "ChessBase"]
[SourceDate "2013.08.26"]
[SourceVersion "1"]
[SourceVersionDate "2013.08.26"]
[SourceQuality "1"]

1. Nf3 d5 2. g3 Nf6 3. Bg2 c6 4. c4 Nbd7 5. d4 e6 6. 0-0 Be7 7. Bf4 0-0 8. Nbd2 Nh5 9. Be3 f5 10. Ne5 f4 11. Bxf4 Nxf4 12. gxf4 Rxf4 13. Ndf3 Bd6 14. c5 Nxe5 15. Nxe5 Bxe5 16. dxe5 Qg5 17. e3 Rg4 18. Qf3 Bd7 19. Qh3 Rc4 20. f4 Qe7 21. a3 Qxc5 22. b4 Qe7 23. Rfc1 Rxc1+ 24. Rxc1 a5 25. Rb1 axb4 26. Rxb4 b5 0-1

[Event "WLS-ch"]
[Site "Cardiff"]
[Date "2013.04.01"]
[Round "6"]
[White "Kelly, Paul J"]
[Black "Rodriguez, Juan Talavera"]
[Result "1-0"]
[WhiteElo "1927"]
[BlackElo "2014"]
[PlyCount "69"]
[EventDate "2013.03.29"]
[EventType "swiss"]
[EventRounds "7"]
[EventCountry "WLS"]
[SourceTitle "EXT 2014"]
[Source "ChessBase"]
[SourceDate "2013.11.20"]
[SourceVersion "1"]
[SourceVersionDate "2013.11.20"]
[SourceQuality "1"]

1. e4 e5 2. Nf3 Nc6 3. Bc4 Bc5 4. d3 Nf6 5. c3 d6 6. Bb3 0-0 7. Nbd2 Bb6 8. Nc4 d5 9. Nxb6 axb6 10. Qe2 h6 11. h3 d4 12. c4 Qd6 13. 0-0 Ne7 14. Kh2 Ng6 15. g3 Be6 16. Bd1 Qd7 17. Ng1 Qd6 18. f4 exf4 19. gxf4 Kh7 20. e5 Qd7 21. exf6 gxf6 22. Qh5 f5 23. Bf3 c6 24. Bh1 Rg8 25. Nf3 Rg7 26. Bd2 f6 27. a4 Qc7 28. Nxd4 Bf7 29. Qxf5 Rd8 30. Bc3 Kg8 31. Rf3 Nh4 32. Qxf6 Nxf3+ 33. Bxf3 Rg6 34. Rg1 Rxg1 35. Nb5 1-0

[Event "WLS-ch"]
[Site "Cardiff"]
[Date "2013.03.31"]
[Round "4"]
[White "Roberts, David Llewelyn"]
[Black "Rodriguez, Juan Talavera"]
[Result "1-0"]
[WhiteElo "2073"]
[BlackElo "2014"]
[PlyCount "55"]
[EventDate "2013.03.29"]
[EventType "swiss"]
[EventRounds "7"]
[EventCountry "WLS"]
[SourceTitle "CBM 153 Extra"]
[Source "ChessBase"]
[SourceDate "2013.04.22"]
[SourceVersion "1"]
[SourceVersionDate "2013.04.22"]
[SourceQuality "1"]

1. e4 e5 2. Nf3 Nc6 3. d4 exd4 4. Nxd4 Nf6 5. Nxc6 bxc6 6. e5 Qe7 7. Qe2 Nd5 8. c4 Ba6 9. b3 g5 10. g3 Bg7 11. Bb2 0-0-0 12. Nd2 Rde8 13. 0-0-0 h5 14. Kb1 Rh6 15. Qe4 Nb6 16. f4 Bb7 17. Bg2 gxf4 18. gxf4 f6 19. exf6 Bxf6 20. Rhe1 Qxe4+ 21. Nxe4 Bxb2 22. Nd6+ cxd6 23. Rxe8+ Kc7 24. Kxb2 Re6 25. Re1 Bc8 26. f5 Rxe1 27. Rxe1 d5 28. f6 1-0